000 01173nam0a22002531 4500
001 rc\4184219
005 20260406204043.0
021 _aRU
_b[53-32096]
035 _a(NLR Aleph) 008192125
090 _a7982649
_c7982649
100 _a20130415d1953 |||y0rusy50 ca
101 0 _arus
102 _aRU
105 _ay c |||||
200 1 _aУказания по применению системы планово-предупредительного ремонта и обслуживания строительных машин
_fМПС СССР. Всесоюз. науч.-исслед. ин-т ж.-д. строительства и проектирования. Глав. упр. по механизации строит. работ
210 _aМосква
_cТрансжелдориздат
_d1953
215 _a72 с.
_d22
606 _aСтроительные машины
_xРемонт
_2psbo
712 0 2 _aВНИИ железнодорожного строительства и проектирования
_3RU\NLR\AUTH\889964392
_9425024
801 0 _aRU
_bNLR
_gpsbo
801 1 _aRU
_bELAR
_2rusmarc
852 _aNLR
_jТ80 Г-6/1403
942 _cBOOK
980 _aNB